000 00836nam a22002297a 4500
999 _c65745
_d65745
005 20240530110841.0
008 200912s2018 ua a g b 000 0dara d
017 _a2018/13936
_bمصر. دار الكتب
020 _a9789779118642
040 _aEG-CaGPL
_cEG-CaGPL
082 0 4 _221
_a923.2
_bق/أ إ
100 0 _aاحمد صلاح الملا
245 0 0 _aاسماعيل مظهر :
_bجدل العلم والدين والحرية /
_cاحمد صلاح الملا
250 _aط.1
260 _aالقاهرة :
_bالهيئة المصرية العامة للكتاب،
_c2018
300 _a295 ص. ؛
_c24 سم.
490 0 _aتاريخ المصريين ؛
_v312
600 0 _aاسماعيل مظهر
650 0 7 _aالعلماء المصريون
942 _2ddc
_cBK